000 00590nam a2200229Ia 4500
005 20220706151136.0
008 131103s9999 xx 000 0 und d
020 _a8185771359
_cRs 600
040 _aLoreto College
041 _aEnglish
082 _a305.56
_bKUM
100 _aKumar, Vijendra
245 _aRise of Dalit power in India
_cVijendra Kumar
260 _aJaipur
_bABD Publishers
300 _a321p
504 _aIncludes bibliographical refernces
630 _aSocial Groups
650 _aIndia- Social Groups
651 _aDalit
850 _aLCLIB
942 _cBK
999 _c32486
_d82965